[Event "Scandinavian Intrigue!"]
[Site "SchemingMind.com"]
[Date "2016.02.08"]
[Round "-"]
[White "kenneth m day"]
[Black "emvarela"]
[Result "1-0"]
[WhiteCountry "USA"]
[BlackCountry "ARG"]
[WhiteElo "1716"]
[WhiteRD "52"]
[BlackElo "1652"]
[BlackRD "47"]
[GameID "394981"]

1. e4 d5 2. exd5 Nf6 3. Nf3 Nxd5 4. d4 g6 5. c4 Nb6 6. Nc3 Bg7 7. Be3 Bg4 8. Be2 Bxf3 9. Bxf3 c6 10. Qe2 O-O
11. Rd1 N8d7 12. h4 e6 13. Ne4 Qc7 14. b3 Nf6 15. Ng5 h6 16. Nh3 Kh7 17. Bf4 Qd7 18. g4 Rad8 19. Qd3 Rfe8 20. g5 Ng8
21. gxh6 Bxh6 22. Ng5+ Bxg5 23. hxg5+ Kg7 24. Be5+ f6 25. gxf6+ Nxf6 26. Bh5 gxh5 27. Rxh5 Rh8 28. Rg5+ Kf7 29. Qg6+
1-0

[Event "Scandinavian Intrigue!"]
[Site "SchemingMind.com"]
[Date "2016.02.03"]
[Round "-"]
[White "Darnell"]
[Black "kenneth m day"]
[Result "0-1"]
[WhiteCountry "CAN"]
[BlackCountry "USA"]
[WhiteElo "1484"]
[WhiteRD "79"]
[BlackElo "1674"]
[BlackRD "52"]
[GameID "394982"]

1. e4 d5 2. exd5 Qxd5 3. Nc3 Qd6 4. d4 Nf6 5. Nf3 a6 6. Ne5 Nc6 7. Bc4 Nxe5 8. dxe5 Qxe5+ 9. Qe2 Qxe2+ 10. Bxe2 e5
11. Be3 Bb4 12. Bd2 Bf5 13. O-O-O O-O 14. h3 Rad8 15. g4 Be6 16. a3 Bc5 17. f4 e4 18. g5 e3 19. Be1 Rxd1+ 20. Bxd1 Nd5
21. Nxd5 Bxd5 22. Rh2 Bd6 23. Bg3 Re8
0-1

[Event "Scandinavian Intrigue!"]
[Site "SchemingMind.com"]
[Date "2016.02.03"]
[Round "-"]
[White "kenneth m day"]
[Black "Darnell"]
[Result "1-0"]
[WhiteCountry "USA"]
[BlackCountry "CAN"]
[WhiteElo "1674"]
[WhiteRD "52"]
[BlackElo "1484"]
[BlackRD "79"]
[GameID "394983"]

1. e4 d5 2. exd5 Qxd5 3. Nc3 Qa5 4. d4 c6 5. Nf3 Nf6 6. Bc4 Bf5 7. Bd2 e6 8. O-O Qc7 9. Re1 Nbd7 10. h3 Nb6
11. Bb3 c5 12. d5 c4 13. Ba4+ Nxa4 14. Nxa4 O-O-O 15. dxe6 Bxe6 16. Ne5 Bd6 17. Qe2 Bxe5 18. Bg5 h6 19. Bh4
1-0

[Event "Scandinavian Intrigue!"]
[Site "SchemingMind.com"]
[Date "2016.02.03"]
[Round "-"]
[White "Scooter"]
[Black "kenneth m day"]
[Result "0-1"]
[WhiteCountry "USA"]
[BlackCountry "USA"]
[WhiteElo "1710"]
[WhiteRD "48"]
[BlackElo "1674"]
[BlackRD "52"]
[GameID "394984"]

1. e4 d5 2. exd5 Qxd5 3. Nc3 Qd6 4. b3 Nf6 5. Bb2 e5 6. g3 c6 7. Bg2 Bg4 8. Bf3 Be6 9. Nge2 Be7 10. O-O Nbd7
11. Re1 O-O-O 12. Ne4 Nxe4 13. Bxe4 f5 14. Bg2 Bf6 15. Nc3 g5 16. d3 h5 17. Ne2 g4 18. Qc1 h4 19. Qd2 hxg3 20. hxg3 Rdg8
21. Qe3 Kb8 22. d4 Bd5 23. dxe5 Bxe5 24. Bxe5 Nxe5 25. Nf4 Nf3+ 26. Bxf3 Bxf3 27. Ng2 Rh3 28. Rad1 Rgh8 29. Qe8+ Rxe8 30. Rxe8+ Kc7
31. Rxd6 Kxd6 32. Rf8 Be4 33. c3 Kc5 34. Rf7 Kb6 35. c4 Rh6 36. Nh4 Rd6 37. Kf1 Rd2 38. Nxf5 Rxa2 39. Nd6 Bd3+ 40. Kg2 Rb2
41. b4 Rxb4 42. Rxb7+ Kc5 43. Rd7 Bxc4 44. Nxc4 Kxc4 45. Rxa7 c5 46. Rc7 Kd4 47. Rg7 Kd3 48. Rd7+ Kc3 49. f4 Rb2+ 50. Kg1 c4
51. f5 Rb6 52. Rd5 Kc2 53. Rd4 c3 54. Rxg4 Kb2 55. Re4 c2 56. Re2 Kb1
0-1

[Event "Scandinavian Intrigue!"]
[Site "SchemingMind.com"]
[Date "2016.02.03"]
[Round "-"]
[White "kenneth m day"]
[Black "Scooter"]
[Result "1-0"]
[WhiteCountry "USA"]
[BlackCountry "USA"]
[WhiteElo "1674"]
[WhiteRD "52"]
[BlackElo "1710"]
[BlackRD "48"]
[GameID "394985"]

1. e4 d5 2. exd5 Qxd5 3. Nc3 Qd8 4. d4 Nf6 5. Nf3 g6 6. Bc4 Bg7 7. Qe2 O-O 8. Bg5 Bg4 9. O-O-O Nbd7 10. h3 Bxf3
11. Qxf3 e6 12. h4 h6 13. Be3 a6 14. Qxb7 Ng4 15. Qe4 Ndf6 16. Qf3 Nxe3 17. fxe3 Qe7 18. g4 Qb4 19. Qc6 Nxg4 20. Rde1 Qd6
21. Qf3 Nf6 22. Bd3 Rab8 23. Ne4 Nxe4 24. Qxe4 Qb6 25. b3 a5 26. h5 a4 27. hxg6 f6 28. Bc4 Rfe8 29. Qd3 axb3 30. cxb3 Qa5
31. Kb1 Ra8 32. Re2 c5 33. Rh5 Rad8 34. Qe4 Qa8 35. Bxe6+ Kf8 36. Qxa8 Rxa8 37. Bf7 Re4 38. Rxc5 Rd8 39. Rec2 Rxe3 40. Rc8
1-0

[Event "Scandinavian Intrigue!"]
[Site "SchemingMind.com"]
[Date "2016.02.03"]
[Round "-"]
[White "kenneth m day"]
[Black "Stephen Woodhouse"]
[Result "0-1"]
[WhiteCountry "USA"]
[BlackCountry "ENG"]
[WhiteElo "1674"]
[WhiteRD "52"]
[BlackElo "1842"]
[BlackRD "51"]
[GameID "394986"]

1. e4 d5 2. exd5 Qxd5 3. Nc3 Qd6 4. d4 Nf6 5. Nf3 c6 6. Bc4 Bg4 7. h3 Be6 8. Bd3 Nbd7 9. O-O O-O-O 10. Re1 Nb6
11. Be3 Nbd5 12. Nxd5 Bxd5 13. c4 Be4 14. Ne5 Qe6 15. f3 Bxd3 16. Qxd3 Nd7 17. f4 Nxe5 18. fxe5 Qg6 19. Qxg6 hxg6 20. Rf1 f6
21. Rad1 fxe5 22. dxe5 e6 23. Bg5 Rxd1 24. Rxd1 Bc5+ 25. Kh1 Rh5 26. Rd8+ Kc7 27. Rg8 Rxg5 28. Rxg7+ Kb6 29. b3 Bd4 30. h4 Rg4
31. Kh2 Bxe5+ 32. Kh3 Rg3+
0-1

[Event "Scandinavian Intrigue!"]
[Site "SchemingMind.com"]
[Date "2016.02.04"]
[Round "-"]
[White "Stephen Woodhouse"]
[Black "kenneth m day"]
[Result "1-0"]
[WhiteCountry "ENG"]
[BlackCountry "USA"]
[WhiteElo "1824"]
[WhiteRD "49"]
[BlackElo "1701"]
[BlackRD "52"]
[GameID "394987"]

1. e4 d5 2. exd5 Qxd5 3. Nc3 Qd6 4. Nf3 Nf6 5. d4 a6 6. Be2 Nc6 7. O-O b5 8. a3 Bb7 9. Qd3 O-O-O 10. Be3 h6
11. Rfd1 e6 12. Ne4 Nxe4 13. Qxe4 f5 14. Qd3 Na5 15. Ne5 Qe7 16. Ng6 Qf6 17. Nxh8 g5 18. Qc3 Nc4 19. Bxc4 bxc4 20. d5 Qxc3
21. bxc3 Bg7 22. Nf7 Rd7 23. dxe6 Rxd1+ 24. Rxd1
1-0

[Event "Scandinavian Intrigue!"]
[Site "SchemingMind.com"]
[Date "2016.02.03"]
[Round "-"]
[White "kenneth m day"]
[Black "DHall"]
[Result "0-1"]
[WhiteCountry "USA"]
[BlackCountry "ENG"]
[WhiteElo "1699"]
[WhiteRD "51"]
[BlackElo "2244"]
[BlackRD "75"]
[GameID "394988"]

1. e4 d5 2. exd5 Qxd5 3. Nc3 Qd6 4. d4 Nf6 5. Nf3 c6 6. Bc4 Bg4 7. Be3 e6 8. h3 Bh5 9. O-O Be7 10. Re1 O-O
11. Be2 Nbd7 12. Qd3 Qc7 13. Rad1 Rad8 14. Qd2 Bd6 15. g4 Bg6 16. Bd3 Nd5 17. Nxd5 cxd5 18. h4 Rc8 19. c3 Bxd3 20. Qxd3 Nf6
21. Bg5 Nxg4 22. Kf1 h6 23. Be3 Nf6 24. Ke2 Ne4 25. Rg1 Kh8 26. Rg2 Qb6 27. Bc1 Qa5 28. a3 Bxa3 29. Nd2 Rg8 30. Nxe4 dxe4
31. Qxe4 Bxb2 32. Bxb2 Qb5+ 33. Ke1 Qxb2 34. Rb1 Qxc3+ 35. Kf1 Rgd8 36. Qxb7 Rxd4 37. Kg1 Rxh4 38. Rh2 Rcc4 39. Qb8+ Kh7 40. Rxh4 Rxh4
0-1

[Event "Scandinavian Intrigue!"]
[Site "SchemingMind.com"]
[Date "2016.02.03"]
[Round "-"]
[White "DHall"]
[Black "kenneth m day"]
[Result "1-0"]
[WhiteCountry "ENG"]
[BlackCountry "USA"]
[WhiteElo "2241"]
[WhiteRD "65"]
[BlackElo "1701"]
[BlackRD "52"]
[GameID "394989"]

1. e4 d5 2. exd5 Qxd5 3. Nc3 Qd6 4. d4 Nf6 5. Nf3 a6 6. g3 Bg4 7. Bg2 e6 8. O-O Nc6 9. Bf4 Qd7 10. h3 Bxf3
11. Qxf3 Bd6 12. Rad1 O-O 13. Bg5 Be7 14. Bxf6 Bxf6 15. d5 Ne5 16. Qe2 exd5 17. Nxd5 Qd6 18. Rfe1 Rfe8 19. f4 Qc5+ 20. Kh2 Ng6
21. Qxe8+ Rxe8 22. Rxe8+ Nf8 23. Nxf6+ gxf6 24. Rdd8 Qxc2 25. Rxf8+ Kg7 26. Rg8+
1-0